000 00959nam a2200301 i 4500
003 CO-BoRNBP
005 20230412220524.0
007 ta
008 200425s1989 ck a gr 000 0 spa d
020 _a9589043658
040 _aCO-BoRNBP
_bspa
_erda
_cCO-BoRNBP
041 0 _aspa
043 _as-ck---
082 0 4 _a928.61
_bM24v
_223
100 1 _aVarón, Policarpo
_d1941-
_eautor
_91198
245 1 0 _aManuel Mejia Vallejo
_cPolicarpo Varon
250 _aPrimera edición
264 1 _aBogotá, Colombia
_bProcultura
_c1989
300 _a116 páginas
_bilustraciones a color
_c20 cm
336 _atexto
_btxt
_2rdacontent
337 _asin mediación
_bn
_2rdamedia
338 _avolumen
_bnc
_2rdacarrier
490 0 _aClásicos colombianos
504 _aIncluye referencias bibliográficas
600 1 4 _aMejía Vallejo, Manuel
_d1923-1998
_xCrítica e interpretación
_xBiografías
_91199
650 1 7 _aAutores colombianos
_2ARMARC
_932
942 _2ddc
_cBK
999 _c9385
_d9385